[Event "Team BG11 chess final 2018"]
[Site "Sochi"]
[Date "2018.05.01"]
[Round "1.1"]
[White "Yaurov, Egor"]
[Black "Gubarev, Vladislav"]
[Result "1-0"]
[WhiteElo "1921"]
[BlackElo "1470"]
[PlyCount "119"]
[EventDate "2018.05.01"]

1. d4 d5 2. Bg5 Nf6 3. Bxf6 exf6 4. e3 Be7 5. Bd3 O-O 6. Nd2 b6 7. Qf3 Nc6 8.
a3 Re8 9. Ne2 Bb7 10. g4 Qd6 11. h4 Nd8 12. Qg2 c5 13. c3 Ne6 14. f4 Nc7 15.
Kf2 Ba6 16. Bxa6 Nxa6 17. Rag1 cxd4 18. cxd4 Qe6 19. Nc3 Bxa3 20. Qf3 Bxb2 21.
f5 Qd6 22. Nxd5 Rad8 23. Nc4 Qxd5 24. Qxd5 Rxd5 25. Nxb2 Rb5 26. Nc4 Rb4 27.
Nd6 Rd8 28. Ra1 Rb2+ 29. Kf3 Rxd6 30. Rxa6 Rd7 31. Rha1 b5 32. Rxa7 Rxa7 33.
Rxa7 h6 34. Ra8+ Kh7 35. Rf8 b4 36. Rxf7 b3 37. Rb7 Rb1 38. Ke4 b2 39. Kd5 Kg8
40. e4 Kf8 41. Ke6 Kg8 42. Rb8+ Kh7 43. e5 Rd1 44. Rxb2 Rxd4 45. exf6 gxf6 46.
g5 hxg5 47. hxg5 fxg5 48. Rb7+ Kg8 49. f6 Rd8 50. Kf5 g4 51. Kg6 g3 52. Rg7+
Kf8 53. Rh7 Ke8 54. Rh8+ Kd7 55. Rxd8+ Kxd8 56. f7 Ke7 57. Kg7 g2 58. f8=Q+ Ke6
59. Qf2 g1=Q+ 60. Qxg1 1-0

[Event "Team BG11 chess final 2018"]
[Site "Sochi"]
[Date "2018.05.01"]
[Round "1.2"]
[White "Karasov, Islam"]
[Black "Fomin, Nikita"]
[Result "0-1"]
[WhiteElo "1056"]
[BlackElo "1565"]
[PlyCount "108"]
[EventDate "2018.05.01"]

1. e4 c5 2. Bc4 e6 3. d3 a6 4. a3 b5 5. Ba2 Bb7 6. Bf4 d5 7. e5 Ne7 8. Nf3 d4
9. Nbd2 Nd5 10. Bxd5 Bxd5 11. O-O Be7 12. Qe2 O-O 13. Ne4 Bxe4 14. Qxe4 Qd5 15.
Qxd5 exd5 16. g3 Nc6 17. Rfe1 Rfe8 18. e6 Bf6 19. exf7+ Kxf7 20. Rxe8 Rxe8 21.
Bd6 c4 22. dxc4 dxc4 23. Kf1 g5 24. h3 Kg6 25. Bc5 Kf5 26. Rd1 Rd8 27. Bb6 Rd7
28. Bc5 h5 29. Kg2 d3 30. c3 Rd5 31. Be3 a5 32. Bd2 Be7 33. Re1 b4 34. axb4
axb4 35. g4+ hxg4 36. hxg4+ Kf6 37. Bxg5+ Rxg5 38. Nxg5 Kxg5 39. f3 Bf6 40. Kf2
bxc3 41. bxc3 Bxc3 42. Re4 Nd4 43. Re5+ Kf6 44. f4 d2 45. g5+ Kf7 46. f5 d1=Q
47. g6+ Kf6 48. g7 Qf3+ 49. Kg1 Kxg7 50. f6+ Kxf6 51. Re8 Ne2+ 52. Rxe2 Qxe2
53. Kh1 Qf1+ 54. Kh2 Be5# 0-1

[Event "Team BG11 chess final 2018"]
[Site "Sochi"]
[Date "2018.05.01"]
[Round "1.3"]
[White "Tetyuev, Stepan"]
[Black "Rodionov, Mihail"]
[Result "1/2-1/2"]
[WhiteElo "1376"]
[BlackElo "1293"]
[PlyCount "121"]
[EventDate "2018.05.01"]

1. e4 c5 2. Nf3 e6 3. d4 cxd4 4. Nxd4 Nf6 5. Nc3 Nc6 6. Ndb5 Bb4 7. a3 Bxc3+ 8.
Nxc3 O-O 9. Bd3 d5 10. exd5 exd5 11. O-O Re8 12. Bg5 Be6 13. Qd2 Rc8 14. Rae1
a6 15. Qf4 Rb8 16. Qh4 h5 17. Bxf6 Qxf6 18. Qxh5 Kf8 19. Qh8+ Ke7 20. Nxd5+ Kd6
21. Nxf6 Rxh8 22. Ne4+ Ke7 23. Re3 Rh6 24. Ng3 g6 25. Bc4 Rbh8 26. Bxe6 fxe6
27. Rfe1 e5 28. h3 Rf8 29. Ne4 Rh7 30. Ng5 Rh5 31. Nf3 Kf6 32. Rd3 Rd8 33. Rxd8
Nxd8 34. Rd1 Ke7 35. Rd5 Nc6 36. c4 e4 37. Rxh5 gxh5 38. Nd2 Na5 39. b4 Nc6 40.
Nxe4 Nd4 41. Nc5 Nc2 42. Nxb7 Nxa3 43. Nc5 Nxc4 44. Nxa6 Nb6 45. Nc5 Kd6 46.
Ne4+ Kc6 47. Ng3 h4 48. Nf5 Kb5 49. Nxh4 Kxb4 50. g4 Kc5 51. g5 Kd6 52. f4 Ke6
53. f5+ Kf7 54. g6+ Kg7 55. Ng2 Nd5 56. Kf2 Kf6 57. h4 Kxf5 58. Ne3+ Nxe3 59.
g7 Ng4+ 60. Kg3 Nh6 61. h5 1/2-1/2

[Event "Team BG11 chess final 2018"]
[Site "Sochi"]
[Date "2018.05.01"]
[Round "1.4"]
[White "Nikolaev, Artemiy"]
[Black "Azimov, Timur"]
[Result "1-0"]
[WhiteElo "1297"]
[BlackElo "1438"]
[PlyCount "103"]
[EventDate "2018.05.01"]

1. c4 g6 2. Nc3 Bg7 3. g3 e5 4. Bg2 d6 5. e3 f5 6. Nge2 Nf6 7. O-O c6 8. d3 O-O
9. Rb1 Be6 10. b4 d5 11. cxd5 cxd5 12. d4 e4 13. Nf4 Bf7 14. a4 g5 15. Nfe2 Bh5
16. f3 Qe8 17. Qb3 Qd7 18. b5 a6 19. Ba3 Rd8 20. bxa6 bxa6 21. Qb7 Ra7 22. Qxd7
Raxd7 23. Rb6 Kf7 24. fxe4 fxe4 25. Rfb1 Bf3 26. Rxb8 Rxb8 27. Rxb8 Rc7 28. Rb3
Ng4 29. Nxd5 Rc2 30. Rb7+ Kg6 31. Rb2 Rxb2 32. Bxb2 Bxe2 33. Bxe4+ Kh6 34. h3
Nf6 35. Nxf6 Bxf6 36. Kf2 Bd1 37. a5 Bd8 38. Bc3 Ba4 39. Bd3 Bd7 40. g4 Bc8 41.
Bf5 Bb7 42. e4 Be7 43. d5 Bc5+ 44. Ke2 Be7 45. Kd3 Bf8 46. Kc4 Be7 47. Bd4 Bd6
48. e5 Bxe5 49. Bxe5 Bxd5+ 50. Kc5 Bc4 51. Bg7+ Kxg7 52. Kxc4 1-0

[Event "Team BG11 chess final 2018"]
[Site "Sochi"]
[Date "2018.05.01"]
[Round "1.1"]
[White "Zverev, Lev"]
[Black "Kolesov, Gordey"]
[Result "0-1"]
[WhiteElo "1756"]
[BlackElo "1825"]
[PlyCount "172"]
[EventDate "2018.05.01"]

1. e4 e5 2. Nf3 Nc6 3. Bc4 Bc5 4. c3 Nf6 5. d3 a6 6. Nbd2 Ba7 7. O-O O-O 8. Re1
d6 9. Bb3 Ng4 10. Re2 Kh8 11. h3 f5 12. exf5 Nh6 13. g4 Nxf5 14. gxf5 Bxf5 15.
Nf1 Bxh3 16. N1h2 Qf6 17. Kh1 Qg6 18. Ng5 Bf5 19. Nf7+ Rxf7 20. Bxf7 Qxf7 21.
Be3 Qd5+ 22. Kg1 Bh3 23. f3 e4 24. d4 exf3 25. Rf2 Ne5 26. Qd2 Nc4 27. Qc1 Re8
28. Bf4 Bg2 29. b3 Nb6 30. Qd1 Qe4 31. Nxf3 Qxf4 32. Kxg2 Nd5 33. Qd3 Ne3+ 34.
Kh1 Nf5 35. Qd2 Re3 36. Rg1 Qe4 37. Re1 Rxe1+ 38. Qxe1 Qxe1+ 39. Nxe1 g6 40.
Nd3 Kg7 41. Nf4 Kf7 42. Rf3 c6 43. Nh3 h6 44. Nf4 Kf6 45. Ne2 d5 46. Kg2 Bb8
47. Kf2 g5 48. Rh3 g4 49. Rd3 Kg5 50. Ng1 h5 51. Ne2 h4 52. Ng1 Bd6 53. b4 Bc7
54. a3 b5 55. Kg2 Kf4 56. Ne2+ Ke4 57. Rd2 h3+ 58. Kf2 g3+ 59. Kg1 Ke3 60. Ra2
Nh4 61. Nc1 h2+ 62. Kh1 g2+ 63. Rxg2 Nxg2 64. Kxg2 Kd2 65. Nb3+ Kxc3 66. Nc5 a5
67. bxa5 Bxa5 68. Kxh2 Bb6 69. Ne6 Bxd4 70. Nd8 Bc5 71. Nxc6 Bxa3 72. Kg3 b4
73. Ne7 d4 74. Nd5+ Kc4 75. Nb6+ Kb5 76. Nd5 b3 77. Kf3 b2 78. Ke4 b1=Q+ 79.
Kxd4 Bc5+ 80. Kc3 Qc1+ 81. Kb3 Qc4+ 82. Kb2 Qxd5 83. Ka1 Qd2 84. Kb1 Ka4 85.
Ka1 Bd4+ 86. Kb1 Qb2# 0-1

[Event "Team BG11 chess final 2018"]
[Site "Sochi"]
[Date "2018.05.01"]
[Round "1.2"]
[White "Iakushkov, Pavel"]
[Black "Anisimov, Yuri"]
[Result "0-1"]
[WhiteElo "1554"]
[BlackElo "1631"]
[PlyCount "120"]
[EventDate "2018.05.01"]

1. Nf3 Nf6 2. g3 g6 3. Bg2 Bg7 4. O-O O-O 5. d3 d5 6. Nbd2 b6 7. e4 Bb7 8. e5
Nfd7 9. d4 e6 10. Re1 c5 11. c3 Nc6 12. Nf1 Qc7 13. Bf4 Rfc8 14. h4 b5 15. h5
cxd4 16. cxd4 Qb6 17. h6 Bf8 18. a3 Rc7 19. N1h2 Na5 20. b3 b4 21. a4 Rac8 22.
Ra2 Ba6 23. Rb2 Be7 24. Ng4 Rc6 25. Qd2 Rc3 26. Bg5 Qd8 27. Qf4 Rxb3 28. Rxb3
Nxb3 29. Rb1 Rc3 30. Bxe7 Qxe7 31. Nf6+ Nxf6 32. exf6 Qd8 33. Bh3 Rxf3 34. Qxf3
Nd2 35. Qd1 Nxb1 36. Qxb1 Qb6 37. Qb2 Bc4 38. f4 a5 39. g4 b3 40. f5 exf5 41.
g5 Qb4 42. Kh2 Qxa4 43. Qc1 b2 44. Qe1 b1=Q 45. Qxb1 Qa2+ 46. Qxa2 Bxa2 47. Kg3
a4 48. Kf4 a3 49. Ke5 Bc4 50. Kd6 a2 51. Ke7 a1=Q 52. Bxf5 gxf5 53. g6 Qe1+ 54.
Kd8 fxg6 55. f7+ Kxf7 56. Kd7 Qe6+ 57. Kc7 Bb5 58. Kb7 Qc6+ 59. Ka7 Ba6 60. Kb8
Qb7# 0-1

[Event "Team BG11 chess final 2018"]
[Site "Sochi"]
[Date "2018.05.01"]
[Round "1.3"]
[White "Sepiashvili, Ivan"]
[Black "Pershin, Patrik"]
[Result "0-1"]
[WhiteElo "1539"]
[BlackElo "1602"]
[PlyCount "94"]
[EventDate "2018.05.01"]

1. e4 c6 2. d4 d5 3. Nc3 dxe4 4. Nxe4 Bf5 5. Ng3 Bg6 6. Nh3 e6 7. Nf4 Qc7 8. h4
Bd6 9. Nxg6 hxg6 10. Ne4 Be7 11. g3 Nf6 12. Qf3 Nbd7 13. c3 Qb6 14. Bd3 e5 15.
dxe5 Nxe5 16. Qe2 Nxd3+ 17. Qxd3 Rd8 18. Qc2 Nxe4 19. Qxe4 Rd6 20. O-O Re6 21.
Qc2 O-O 22. Be3 Bc5 23. Bxc5 Qxc5 24. Rfe1 Qe7 25. Qd2 Re8 26. Kf1 Qc5 27. Rxe6
Rxe6 28. Re1 Qc4+ 29. Kg1 Qxa2 30. Rxe6 Qxe6 31. Qd8+ Kh7 32. Qb8 Qe1+ 33. Kg2
Qe4+ 34. Kh2 Qe2 35. Qxa7 Qxb2 36. Qc5 b6 37. Qxc6 Qxf2+ 38. Kh3 Qf1+ 39. Kh2
Qf2+ 40. Kh3 Qf5+ 41. Kh2 b5 42. Qb6 Qd3 43. Kg2 Qe2+ 44. Kh3 Qe6+ 45. Qxe6
fxe6 46. Kg4 Kh6 47. Kf4 Kh5 0-1

[Event "Team BG11 chess final 2018"]
[Site "Sochi"]
[Date "2018.05.01"]
[Round "1.4"]
[White "Kondrashev, Kirill"]
[Black "Safinov, Artem"]
[Result "0-1"]
[WhiteElo "1575"]
[BlackElo "1483"]
[PlyCount "146"]
[EventDate "2018.05.01"]

1. e4 e6 2. d4 d5 3. Nd2 c5 4. exd5 Qxd5 5. Ngf3 cxd4 6. Bc4 Qd8 7. Nb3 Nf6 8.
Nbxd4 Be7 9. O-O O-O 10. c3 b6 11. Bf4 Bb7 12. Nb5 Nbd7 13. Qe2 Bd5 14. Bxd5
Nxd5 15. Bg3 Qc8 16. c4 N5f6 17. Nd6 Bxd6 18. Bxd6 Rd8 19. Ne5 Nxe5 20. Bxe5
Nd7 21. Bc3 Qc5 22. Qg4 Ne5 23. Qg3 Ng6 24. b3 Rd7 25. Rfd1 Rad8 26. Qf3 Nh4
27. Qg4 Nf5 28. Rxd7 Rxd7 29. Rd1 Qc7 30. Qe2 Qd8 31. Rxd7 Qxd7 32. Qd2 Qxd2
33. Bxd2 Kf8 34. Bc3 f6 35. Kf1 Ke7 36. Ke2 Kd6 37. g4 Nh4 38. g5 e5 39. gxf6
gxf6 40. Ke3 f5 41. Bb4+ Kc6 42. Bf8 Ng6 43. Ba3 a6 44. b4 b5 45. Kd3 Nf4+ 46.
Kc3 Nh3 47. c5 Nxf2 48. Bc1 Ne4+ 49. Kd3 Nf6 50. h3 Kd5 51. Be3 Nd7 52. Bh6 Nb8
53. a3 Nc6 54. Be3 f4 55. Bg1 e4+ 56. Ke2 Ke5 57. Bf2 e3 58. Bh4 Ke4 59. Bf6
f3+ 60. Kf1 Kd3 61. Bg5 Nd4 62. Bf4 Ke4 63. Bg3 f2 64. Kg2 Kd3 65. Be5 Ke2 66.
Bxd4 f1=Q+ 67. Kh2 Qf4+ 68. Kg2 Qxd4 69. c6 Qd6 70. c7 Qxc7 71. a4 Qg7+ 72. Kh2
Kf2 73. Kh1 Qg2# 0-1

[Event "Team BG11 chess final 2018"]
[Site "Sochi"]
[Date "2018.05.01"]
[Round "1.1"]
[White "Akhmedov, David"]
[Black "Sirotkina, Elizaveta"]
[Result "1-0"]
[WhiteElo "1433"]
[BlackElo "1154"]
[PlyCount "93"]
[EventDate "2018.05.01"]

1. e4 e6 2. d3 d5 3. Nd2 c5 4. Ngf3 Nc6 5. g3 Nf6 6. Bg2 Be7 7. O-O O-O 8. e5
Nd7 9. Re1 Qc7 10. Qe2 b6 11. Nf1 Bb7 12. Bf4 Rfe8 13. Ne3 Nf8 14. h4 Ng6 15.
h5 Nxf4 16. gxf4 Rac8 17. Ng4 Bf8 18. h6 Red8 19. hxg7 Bxg7 20. c3 Ne7 21. Qd2
Nf5 22. Nf6+ Kh8 23. Ng5 Bxf6 24. exf6 Nh4 25. Qe2 Rg8 26. Qh5 Rxg5 27. fxg5
Nxg2 28. Kxg2 d4+ 29. Kg1 Qc6 30. Re4 dxc3 31. Qxf7 Rg8 32. Qxe6 Rxg5+ 33. Kf1
Qxe6 34. Rxe6 cxb2 35. Rb1 c4 36. Re8+ Rg8 37. f7 Rf8 38. Rxf8+ Kg7 39. Rb8
Kxf7 40. Rxb7+ Kg6 41. dxc4 h5 42. Rxb2 Kg5 43. Rb5+ Kg4 44. Rg7+ Kh4 45. Kg2
a5 46. Rf5 b5 47. Rf4# 1-0

[Event "Team BG11 chess final 2018"]
[Site "Sochi"]
[Date "2018.05.01"]
[Round "1.2"]
[White "Maltseva, Aleksandra"]
[Black "Lebedev, Artem S"]
[Result "0-1"]
[WhiteElo "1153"]
[BlackElo "1333"]
[PlyCount "64"]
[EventDate "2018.05.01"]

1. e4 e5 2. Nf3 Nc6 3. Bb5 a6 4. Bxc6 dxc6 5. O-O Bg4 6. h3 Bxf3 7. Qxf3 Nf6 8.
Nc3 Bc5 9. d3 Qd7 10. Be3 Bb4 11. Qg3 Qe6 12. a3 Bd6 13. Qf3 h6 14. d4 O-O 15.
dxe5 Qxe5 16. g3 Qe7 17. Rae1 Rfe8 18. Bc1 Be5 19. Qg2 Bxc3 20. bxc3 Rad8 21.
Kh2 Qc5 22. Qf3 Rd7 23. Bxh6 Rde7 24. Bf4 Nxe4 25. Bxc7 Ng5 26. Qd1 Rxe1 27.
Rxe1 Qxf2+ 28. Kh1 Rxe1+ 29. Qxe1 Qxe1+ 30. Kg2 Qe2+ 31. Kh1 Nf3 32. g4 Qf1#
0-1

[Event "Team BG11 chess final 2018"]
[Site "Sochi"]
[Date "2018.05.01"]
[Round "1.3"]
[White "Kotelnikov, Matvei"]
[Black "Khusneeva, Alina"]
[Result "1-0"]
[WhiteElo "1231"]
[BlackElo "1257"]
[PlyCount "75"]
[EventDate "2018.05.01"]

1. e4 c5 2. f4 e6 3. Nf3 d5 4. Bb5+ Nc6 5. Bxc6+ bxc6 6. d3 Nf6 7. e5 Nd7 8.
O-O Be7 9. Nc3 O-O 10. Qe1 Re8 11. g4 Qb6 12. Kh1 Bf8 13. Qg3 a5 14. Qh3 Be7
15. Qh5 g6 16. Qh6 Bf8 17. Qh3 Bg7 18. Ng5 Nf8 19. Qg3 a4 20. a3 h6 21. Nf3 Kh7
22. h4 Kh8 23. Rg1 Nh7 24. Qh2 Rg8 25. h5 gxh5 26. Qxh5 Qb7 27. g5 Bf8 28. gxh6
Rxg1+ 29. Kxg1 Qa7 30. Ng5 c4+ 31. Kg2 Nxg5 32. fxg5 cxd3 33. cxd3 c5 34. Bd2
Qb7 35. Rf1 d4+ 36. Ne4 Ra7 37. g6 Kg8 38. Rxf7 1-0

[Event "Team BG11 chess final 2018"]
[Site "Sochi"]
[Date "2018.05.01"]
[Round "1.1"]
[White "Antonov, Vladimir Vl"]
[Black "Shvedova, Alexandra"]
[Result "1/2-1/2"]
[WhiteElo "1295"]
[BlackElo "1691"]
[PlyCount "80"]
[EventDate "2018.05.01"]

1. e4 e5 2. Nf3 Nc6 3. Bc4 Bc5 4. c3 Nf6 5. d4 exd4 6. O-O Nxe4 7. cxd4 d5 8.
dxc5 dxc4 9. Qxd8+ Kxd8 10. Rd1+ Bd7 11. Be3 Ke7 12. Nbd2 Nxd2 13. Rxd2 Bg4 14.
Bf4 Rhc8 15. Rc1 f6 16. Rxc4 Be6 17. Re4 Kf7 18. a3 h6 19. Nd4 Bd5 20. Re3 g5
21. Bg3 Nxd4 22. Rxd4 Bc6 23. h4 f5 24. hxg5 hxg5 25. f4 g4 26. Re5 Kg6 27. Bh4
Re8 28. Kf2 Rxe5 29. fxe5 Re8 30. Bf6 Kf7 31. g3 Ke6 32. Ke3 Rf8 33. Kf4 Rf7
34. Rd2 Rh7 35. Bd8 Be4 36. Bh4 Bc6 37. Bd8 Be4 38. Bh4 Bc6 39. Bd8 Be4 40. Bh4
Bc6 1/2-1/2

[Event "Team BG11 chess final 2018"]
[Site "Sochi"]
[Date "2018.05.01"]
[Round "1.2"]
[White "Fedorova, Olesya"]
[Black "Litvischenko, Mikhail"]
[Result "1-0"]
[WhiteElo "1455"]
[BlackElo "1101"]
[PlyCount "81"]
[EventDate "2018.05.01"]

1. e4 c5 2. c3 Nc6 3. d4 b6 4. Nf3 cxd4 5. cxd4 e6 6. d5 exd5 7. exd5 Nce7 8.
d6 Ng6 9. Qe2+ N8e7 10. dxe7 Bxe7 11. Qe4 Rb8 12. Bc4 O-O 13. O-O Bb7 14. Bd5
Bxd5 15. Qxd5 Nh4 16. Nxh4 Bxh4 17. Bf4 Rc8 18. Nc3 Rc5 19. Qd3 Re8 20. Rad1
Re7 21. Bd6 Rc6 22. Bxe7 Qxe7 23. Qxd7 Qxd7 24. Rxd7 Rg6 25. g3 a5 26. Rfd1 h6
27. Kf1 Bf6 28. Rb7 Bxc3 29. bxc3 Kh7 30. Rxf7 Kg8 31. Rdd7 Kh7 32. f4 Kg8 33.
Kf2 Kh8 34. Kf3 Kh7 35. f5 Rg5 36. h4 Rh5 37. Rxg7+ Kh8 38. Kg4 Rxf5 39. Kxf5
h5 40. Rge7 Kg8 41. Re8# 1-0

[Event "Team BG11 chess final 2018"]
[Site "Sochi"]
[Date "2018.05.02"]
[Round "2.1"]
[White "Gubarev, Vladislav"]
[Black "Shvedova, Alexandra"]
[Result "0-1"]
[WhiteElo "1470"]
[BlackElo "1691"]
[PlyCount "68"]
[EventDate "2018.05.01"]

1. d4 d5 2. c4 e6 3. Nc3 Be7 4. Nf3 Nf6 5. Bg5 O-O 6. cxd5 Nxd5 7. Bxe7 Qxe7 8.
e4 Nxc3 9. bxc3 c5 10. Be2 a6 11. O-O Rd8 12. Qb3 b5 13. Rfd1 Bb7 14. e5 Nd7
15. a4 Bd5 16. Qb2 Rab8 17. axb5 axb5 18. Ra5 b4 19. dxc5 Bxf3 20. gxf3 Nxe5
21. cxb4 Rxd1+ 22. Bxd1 Nc4 23. Qa2 Nxa5 24. Qxa5 Qg5+ 25. Kf1 Qd2 26. Be2 Qxb4
27. Qc7 Qb7 28. Qd6 Qc8 29. Ba6 Qe8 30. c6 Rd8 31. Qc5 Rd1+ 32. Kg2 f5 33. h3
Qg6+ 34. Kh2 Qg1# 0-1

[Event "Team BG11 chess final 2018"]
[Site "Sochi"]
[Date "2018.05.02"]
[Round "2.2"]
[White "Fedorova, Olesya"]
[Black "Karasov, Islam"]
[Result "1-0"]
[WhiteElo "1455"]
[BlackElo "1056"]
[PlyCount "81"]
[EventDate "2018.05.01"]

1. e4 c5 2. c3 d6 3. d4 Nd7 4. Nf3 b6 5. Bb5 e6 6. O-O Be7 7. Bf4 cxd4 8. cxd4
Bb7 9. Nc3 h6 10. Nd2 Ngf6 11. e5 dxe5 12. dxe5 Nd5 13. Nxd5 Bxd5 14. Qg4 g5
15. Be3 a6 16. Bxd7+ Qxd7 17. Nc4 Bxc4 18. Qxc4 b5 19. Qe4 Rc8 20. Rfd1 Qc7 21.
Rac1 Qb8 22. Rxc8+ Qxc8 23. Rc1 Qd7 24. Qa8+ Bd8 25. Bc5 Qd2 26. Qc6+ Qd7 27.
Qxa6 h5 28. Bd6 h4 29. Qa8 f6 30. Rc7 Rh7 31. Rxd7 Rxd7 32. Qe4 Bc7 33. Qg6+
Rf7 34. Qg8+ Kd7 35. Qxf7+ Kc6 36. Qxc7+ Kd5 37. Qc5+ Ke4 38. Qe3+ Kf5 39. Qd3+
Kf4 40. exf6+ Kg4 41. Qf3# 1-0

[Event "Team BG11 chess final 2018"]
[Site "Sochi"]
[Date "2018.05.02"]
[Round "2.3"]
[White "Rodionov, Mihail"]
[Black "Novikova, Daria"]
[Result "1-0"]
[WhiteElo "1293"]
[BlackElo "1380"]
[PlyCount "89"]
[EventDate "2018.05.01"]

1. d4 d5 2. f4 Nf6 3. Nf3 Bf5 4. e3 e6 5. Bd3 c5 6. Bxf5 exf5 7. c3 Nc6 8. O-O
Bd6 9. b3 O-O 10. Bb2 Ne4 11. Nbd2 Rc8 12. c4 Nb4 13. Ne5 f6 14. Nef3 Nd3 15.
Qb1 Nxb2 16. Qxb2 cxd4 17. Nxd4 Qd7 18. cxd5 Bb4 19. Nxe4 fxe4 20. Rac1 Qxd5
21. Rxc8 Rxc8 22. Rc1 Rxc1+ 23. Qxc1 Qc5 24. Qxc5 Bxc5 25. Kf2 Kf7 26. f5 Bb6
27. Kg3 Bc7+ 28. Kf2 Be5 29. h3 Ke7 30. g4 Bxd4 31. exd4 Kd6 32. Ke3 Kd5 33. a3
a6 34. b4 b5 35. h4 g5 36. hxg5 fxg5 37. f6 Ke6 38. Kxe4 Kxf6 39. d5 Ke7 40.
Ke5 Kd7 41. d6 h6 42. Kd5 Kd8 43. Ke6 Ke8 44. d7+ Kd8 45. Kd6 1-0

[Event "Team BG11 chess final 2018"]
[Site "Sochi"]
[Date "2018.05.02"]
[Round "2.4"]
[White "Kusakina, Uliana"]
[Black "Nikolaev, Artemiy"]
[Result "0-1"]
[WhiteElo "1346"]
[BlackElo "1297"]
[PlyCount "121"]
[EventDate "2018.05.01"]

1. e4 c5 2. Nf3 Nc6 3. d4 cxd4 4. Nxd4 g6 5. c4 Bg7 6. Be3 Nf6 7. Nc3 O-O 8.
Be2 d6 9. O-O Bd7 10. Qd2 Nxd4 11. Bxd4 Bc6 12. f3 a5 13. b3 Nd7 14. Be3 Re8
15. Rfd1 b6 16. Rac1 Nc5 17. Nd5 Bxd5 18. exd5 Qd7 19. Bf1 Rec8 20. Re1 Rc7 21.
Bd3 Rb8 22. Qe2 Be5 23. f4 Bg7 24. Bb1 Rbb7 25. f5 Rc8 26. Rf1 b5 27. Qf3 Rf8
28. Qh3 bxc4 29. Rxc4 Rb4 30. Rxb4 axb4 31. Bh6 Qa7 32. Kh1 Qa6 33. Rf3 Rc8 34.
fxg6 hxg6 35. Bf5 Qxa2 36. Bd3 Ra8 37. Bxg7 Kxg7 38. Bf1 Ne4 39. Qh4 Nf6 40.
Rh3 Qd2 41. g4 Qxd5+ 42. Kg1 Qd4+ 43. Kh1 Qe4+ 44. Kg1 Qxg4+ 45. Qxg4 Nxg4 46.
Rh4 Ne3 47. Rxb4 Nxf1 48. Kxf1 Ra1+ 49. Kg2 Ra2+ 50. Kg3 Rb2 51. Rb7 e6 52. b4
d5 53. b5 d4 54. b6 d3 55. Rd7 Rxb6 56. Rxd3 f5 57. Kf4 Kf6 58. Rf3 g5+ 59. Kg3
Rb4 60. Ra3 Re4 61. Rd3 0-1

[Event "Team BG11 chess final 2018"]
[Site "Sochi"]
[Date "2018.05.02"]
[Round "2.1"]
[White "Sirotkina, Elizaveta"]
[Black "Otdelnov, Kirill"]
[Result "0-1"]
[WhiteElo "1154"]
[BlackElo "1611"]
[PlyCount "60"]
[EventDate "2018.05.01"]

1. d4 Nf6 2. c4 g6 3. Nc3 d5 4. Nf3 Bg7 5. Bf4 c6 6. e3 Bf5 7. Be2 Nbd7 8. O-O
O-O 9. Qb3 Qb6 10. Qxb6 Nxb6 11. cxd5 Nfxd5 12. Nxd5 Nxd5 13. Ne5 Nxf4 14. exf4
Rad8 15. Rad1 Rd6 16. Bc4 e6 17. b3 Rfd8 18. g4 Be4 19. f3 Bd5 20. Bd3 f6 21.
Nc4 Bxc4 22. Bxc4 b5 23. Be2 Rxd4 24. Rc1 R8d6 25. Rc5 Rd2 26. Re1 f5 27. Rcc1
Rxa2 28. Bf1 Rdd2 29. Rxe6 Bd4+ 30. Kh1 Rxh2# 0-1

[Event "Team BG11 chess final 2018"]
[Site "Sochi"]
[Date "2018.05.02"]
[Round "2.2"]
[White "Prokudin, Igor"]
[Black "Maltseva, Aleksandra"]
[Result "1-0"]
[WhiteElo "1410"]
[BlackElo "1153"]
[PlyCount "273"]
[EventDate "2018.05.01"]

1. e4 d5 2. exd5 Qxd5 3. Nf3 Bg4 4. Be2 Nc6 5. O-O Nf6 6. Nc3 Qa5 7. d3 O-O-O
8. h3 Bh5 9. a3 e6 10. Be3 Bd6 11. g4 Bxg4 12. hxg4 Nxg4 13. Kg2 Nxe3+ 14. fxe3
h5 15. Ne4 Be7 16. Qe1 Qb6 17. Nfg5 Bxg5 18. Nxg5 Rh6 19. Nxf7 Rg6+ 20. Kh3
Qxe3+ 21. Rf3 Qd4 22. Rg3 Rxg3+ 23. Qxg3 Rf8 24. Bxh5 Qd5 25. Qg4 Nd4 26. c4
Qc5 27. b4 Qb6 28. c5 Qc6 29. Qxd4 Rxf7 30. Bxf7 Qf3+ 31. Kh4 Qxf7 32. Rg1 e5
33. Qg4+ Kb8 34. Kh3 a6 35. Re1 Qf6 36. Rg1 Qh6+ 37. Kg2 Qd2+ 38. Kh3 Qh6+ 39.
Qh4 Qe6+ 40. Rg4 Qf5 41. Qg3 Qh7+ 42. Kg2 Qh6 43. Rxg7 Qd2+ 44. Qf2 Qxd3 45.
Rg8+ Ka7 46. Rg7 Qe4+ 47. Kh2 Kb8 48. Rg3 Qh7+ 49. Rh3 Qg7 50. Qg3 Qd7 51. Qe3
c6 52. Qxe5+ Ka7 53. Qe3 Qc7+ 54. Qg3 Qe7 55. Qe3 Qc7+ 56. Kg2 Qg7+ 57. Rg3
Qb2+ 58. Kf3 Qf6+ 59. Qf4 Qc3+ 60. Kg2 Qc2+ 61. Qf2 Qe4+ 62. Kg1 Qb1+ 63. Qf1
Qe4 64. Qf2 Qb1+ 65. Kh2 Qh7+ 66. Rh3 Qc7+ 67. Qg3 Qe7 68. Qe3 Qc7+ 69. Kh1 Qd7
70. Qd3 Qe7 71. Re3 Qh4+ 72. Kg2 Qg5+ 73. Kf3 Qh5+ 74. Kf2 Qh2+ 75. Ke1 Qg1+
76. Kd2 Qg2+ 77. Re2 Qg5+ 78. Kc2 Qg8 79. Re7 Qa2+ 80. Kd1 Qa1+ 81. Ke2 Qb2+
82. Qd2 Qxa3 83. Rxb7+ Kxb7 84. Qd7+ Kb8 85. Qd8+ Kb7 86. Qb6+ Ka8 87. Qxc6+
Kb8 88. Qd6+ Ka8 89. c6 Qa2+ 90. Ke3 Qb3+ 91. Kd4 Qd1+ 92. Kc5 Qg1+ 93. Kd5
Qg8+ 94. Kc5 Qg1+ 95. Qd4 Qg5+ 96. Kb6 Qg8 97. Qd7 Qg1+ 98. Kxa6 Qa1+ 99. Kb5
Qf1+ 100. Kc5 Qc1+ 101. Kd5 Qd1+ 102. Kc5 Qc1+ 103. Kd6 Qd2+ 104. Kc7 Qf4+ 105.
Qd6 Qf7+ 106. Qd7 Qf4+ 107. Qd6 Qf7+ 108. Kb6 Qa7+ 109. Kb5 Qa6+ 110. Kc5 Qb6+
111. Kc4 Qa6+ 112. b5 Qa2+ 113. Kb4 Qb2+ 114. Kc5 Qc3+ 115. Kd5 Qd3+ 116. Kc5
Qa3+ 117. Kd5 Qd3+ 118. Ke6 Qg6+ 119. Kd7 Qf7+ 120. Kc8 Qa7 121. Qd8 Qb8+ 122.
Kd7 Ka7 123. Qxb8+ Kxb8 124. c7+ Kb7 125. c8=Q+ Kb6 126. Qc6+ Ka7 127. b6+ Ka6
128. b7+ Ka5 129. Qc7+ Ka6 130. b8=N+ Kb5 131. Qc6+ Ka5 132. Qc5+ Ka4 133. Qc4+
Ka5 134. Nc6+ Kb6 135. Kd6 Kb7 136. Qb5+ Kc8 137. Qa6# 1-0

[Event "Team BG11 chess final 2018"]
[Site "Sochi"]
[Date "2018.05.02"]
[Round "2.3"]
[White "Khusneeva, Alina"]
[Black "Otdelnov, Viktor"]
[Result "1/2-1/2"]
[WhiteElo "1257"]
[BlackElo "1427"]
[PlyCount "107"]
[EventDate "2018.05.01"]

1. e4 d5 2. exd5 Qxd5 3. Nc3 Qa5 4. d4 Nf6 5. Nf3 c6 6. Bd3 Bg4 7. h3 Bh5 8. g4
Bg6 9. Qe2 e6 10. Bd2 Bb4 11. a3 Nbd7 12. Rg1 Bxd3 13. Qxd3 O-O-O 14. O-O-O
Bxc3 15. Bxc3 Qc7 16. Qe2 Nd5 17. Bd2 N7f6 18. Ne5 Nb6 19. Be3 Nfd5 20. Bd2 f6
21. Nf3 Rde8 22. Kb1 Nf4 23. Bxf4 Qxf4 24. Qe3 Qxe3 25. fxe3 e5 26. c3 e4 27.
Nh4 Nd5 28. Nf5 Rd8 29. Rde1 g6 30. Ng3 Rhe8 31. Rgf1 Re6 32. c4 Nb6 33. b3 Kc7
34. Kc2 a5 35. a4 Nd7 36. Rf4 Rde8 37. Rff1 Nb8 38. Kc3 Na6 39. h4 Nb4 40. h5
Na2+ 41. Kb2 Nb4 42. Kc3 Kd7 43. h6 Nd3 44. Re2 Nb4 45. Ref2 Ke7 46. Re2 Kf7
47. Ree1 Rb8 48. Re2 b5 49. axb5 cxb5 50. c5 Nd5+ 51. Kb2 b4 52. Ra1 Nc3 53.
Rd2 Nd5 54. Re2 1/2-1/2

[Event "Team BG11 chess final 2018"]
[Site "Sochi"]
[Date "2018.05.02"]
[Round "2.1"]
[White "Kolesov, Gordey"]
[Black "Akhmedov, David"]
[Result "1/2-1/2"]
[WhiteElo "1825"]
[BlackElo "1433"]
[PlyCount "102"]
[EventDate "2018.05.01"]

1. d4 Nf6 2. c4 c5 3. d5 e6 4. Nc3 exd5 5. cxd5 d6 6. Nf3 g6 7. Nd2 Bg7 8. Nc4
O-O 9. Bf4 Ne8 10. e3 Bf5 11. Bd3 Bxd3 12. Qxd3 Na6 13. O-O Nac7 14. a4 Qe7 15.
Rfd1 Rd8 16. Ne4 b6 17. Rab1 h6 18. b3 g5 19. Bxd6 Nxd6 20. Nexd6 Rxd6 21. Nxd6
Qxd6 22. Qf5 Re8 23. Rd3 Na6 24. Rdd1 Nb4 25. h3 Re5 26. Qf3 Rxd5 27. Rxd5 Qxd5
28. Qxd5 Nxd5 29. Rd1 Ne7 30. Rd7 Nc6 31. Kf1 Be5 32. Ke2 Kf8 33. Kd1 Ke8 34.
Rd2 Ke7 35. g3 f6 36. f4 Bb8 37. h4 Ke6 38. hxg5 hxg5 39. Rh2 gxf4 40. gxf4 Ne7
41. Rh8 Bd6 42. Kd2 a5 43. Kd3 Nd5 44. Rh7 Ne7 45. Rh8 Nd5 46. Rh7 Ne7 47. Rh5
Nd5 48. Rh8 Ne7 49. Rh5 Nd5 50. Rh8 Ne7 51. Rh5 Nd5 1/2-1/2

[Event "Team BG11 chess final 2018"]
[Site "Sochi"]
[Date "2018.05.02"]
[Round "2.2"]
[White "Lebedev, Artem S"]
[Black "Iakushkov, Pavel"]
[Result "0-1"]
[WhiteElo "1333"]
[BlackElo "1554"]
[PlyCount "80"]
[EventDate "2018.05.01"]

1. e4 e5 2. Nf3 Nc6 3. Bb5 a6 4. Ba4 Nf6 5. O-O b5 6. Bb3 Bc5 7. Nxe5 Nxe5 8.
d4 Bxd4 9. Qxd4 d6 10. Bg5 c5 11. Bxf6 Qxf6 12. Qd5 Rb8 13. f4 Ng4 14. c4 Ne3
15. Qd2 Nxf1 16. Kxf1 O-O 17. Nc3 bxc4 18. Bxc4 Bb7 19. Rd1 Rbd8 20. Kg1 Rfe8
21. Nd5 Bxd5 22. Bxd5 Rb8 23. b3 h6 24. Qe2 a5 25. Kh1 Rb4 26. Rf1 Rd4 27. Qb5
Re7 28. h3 Kh7 29. Qxa5 g5 30. Qb5 g4 31. a4 gxh3 32. g3 Qg6 33. Rf3 Qg4 34.
Rd3 Qe2 35. e5 Rxd5 36. Rd2 Rxd2 37. Qxe2 Rxe2 38. a5 dxe5 39. a6 Rd7 40. a7
Rd1# 0-1